Fatigue in mechanically fastened composite and metallic joints : (Record no. 13539)

000 -LEADER
fixed length control field 00589cam a2200193 a 4500
020 ## - INTERNATIONAL STANDARD BOOK NUMBER
ISBN 080310927X
040 ## - CATALOGING SOURCE
Transcribing agency DLC
082 00 - DEWEY DECIMAL CLASSIFICATION NUMBER
Classification number 621 AST 1986 A047 Or.
245 00 - TITLE STATEMENT
Title Fatigue in mechanically fastened composite and metallic joints :
Remainder of title a symposium /
260 ## - PUBLICATION, DISTRIBUTION, ETC. (IMPRINT)
Place of publication Philadelphia, PA :
Name of publisher ASTM,
Year of publication c1986.
300 ## - PHYSICAL DESCRIPTION
Number of Pages 298 p. :
Other physical details ill. ;
Dimensions 24 cm.
500 ## - GENERAL NOTE
General note "ASTM publication code number (PCN) 04-927000-30."
650 #0 - SUBJECT ADDED ENTRY--TOPICAL TERM
Topical Term Joints (Engineering)
650 #0 - SUBJECT ADDED ENTRY--TOPICAL TERM
Topical Term Composite materials
650 #0 - SUBJECT ADDED ENTRY--TOPICAL TERM
Topical Term Metals
700 1# - ADDED ENTRY--PERSONAL NAME
Personal name Potter, John M.,
710 2# - ADDED ENTRY--CORPORATE NAME
Corporate name or jurisdiction name as entry element ASTM Committee E-9 on Fatigue.
942 ## - ADDED ENTRY ELEMENTS (KOHA)
Koha item type សៀវភៅភាសាអង់គ្លេស
952 ## - LOCATION AND ITEM INFORMATION (KOHA)
Withdrawn status [LOCAL, KOHA] 0
Holdings
Permanent Location Date acquired Koha item type Lost status Shelving location Barcode Current Location Full call number
Library Block A2017-08-28សៀវភៅភាសាអង់គ្លេស A047A21675Library Block A621 AST 1986 A047 Or.
មជ្ឈមណ្ឌលឯការនៃសាកលវិទ្យាល័យភូមិន្ទកសិកម្មចំការដូង

Powered by Koha